Literature - British | 2 | 4 | 0 | 0 | 70 | 15 | 73.17 | 1 | 2 |
Literature - European | 2 | 3 | 0 | 0 | 60 | 58 | 85.80 | 0 | 0 |
Literature - World and Miscellaneous | 0 | 5 | 0 | 0 | 50 | 74 | 98.00 | 0 | 0 |
Literature - American | 0 | 5 | 0 | 0 | 50 | 63 | 89.80 | 0 | 0 |
Fine Arts - Music | 0 | 3 | 0 | 0 | 30 | 66 | 98.33 | 0 | 0 |
Other - Other Academic and General Knowledge | 0 | 2 | 0 | 0 | 20 | 75 | 77.50 | 0 | 0 |
RMP - Philosophy | 0 | 2 | 0 | 0 | 20 | 84 | 86.00 | 0 | 0 |
RMP - World Mythology | 0 | 2 | 0 | 0 | 20 | 58 | 89.50 | 0 | 0 |
History - World | 0 | 2 | 0 | 0 | 20 | 63 | 89.50 | 0 | 0 |
Science - Chemistry | 0 | 2 | 0 | 0 | 20 | 108 | 108.00 | 0 | 0 |
History - American | 1 | 0 | 0 | 0 | 15 | 30 | 30.00 | 0 | 1 |
Social Science - Linguistics | 0 | 1 | 0 | 0 | 10 | 74 | 74.00 | 0 | 0 |
History - Cross, Historiography, and Miscellaneous | 0 | 1 | 0 | 0 | 10 | 63 | 63.00 | 0 | 0 |
RMP - East Asian Religion | 0 | 1 | 0 | 0 | 10 | 97 | 97.00 | 0 | 0 |
RMP - Greco-Roman Mythology | 0 | 1 | 0 | 0 | 10 | 130 | 130.00 | 0 | 0 |
RMP - Islam | 0 | 1 | 0 | 0 | 10 | 98 | 98.00 | 0 | 0 |
Science - Earth | 0 | 1 | 0 | 0 | 10 | 123 | 123.00 | 0 | 0 |
Current Events - U.S. | 0 | 1 | 0 | 0 | 10 | 87 | 87.00 | 0 | 0 |
Fine Arts - Opera | 0 | 0 | 0 | 0 | 0 | | 0.00 | 0 | 0 |
Science - Physics | 0 | 0 | 0 | 0 | 0 | | 0.00 | 0 | 0 |